Countries with Less than 1 Million People - Statistics

General Stats
  • This quiz has been taken 204 times
    164 since last reset
  • The average score is 27 of 40
Answer Stats
Population Country % Correct
842 Vatican City
93%
33,000 San Marino
85%
86,000 Andorra
83%
30,500 Monaco
82%
570,000 Luxembourg
80%
909,000 Fiji
77%
414,000 Malta
77%
103,000 Saint Vincent and the Grenadines
75%
9,540 Nauru
74%
21,300 Palau
74%
52,000 Saint Kitts and Nevis
74%
198,000 Samoa
74%
38,000 Liechtenstein
73%
92,000 Seychelles
73%
10,870 Tuvalu
73%
106,000 Kiribati
72%
72,000 Marshall Islands
71%
105,000 Micronesia
70%
781,000 Comoros
69%
291,000 Barbados
67%
546,000 Cape Verde
67%
111,000 Grenada
67%
272,000 Vanuatu
67%
393,000 Maldives
66%
622,000 Solomon Islands
66%
107,000 Tonga
66%
194,000 Sao Tome and Principe
65%
430,000 Brunei
64%
332,000 Iceland
63%
74,000 Dominica
62%
325,000 Bahamas
61%
347,000 Belize
59%
742,000 Bhutan
56%
735,000 Guyana
56%
579,000 Suriname
55%
647,000 Montenegro
46%
828,000 Djibouti
45%
164,000 Saint Lucia
35%
741,000 Equatorial Guinea
34%
92,000 Antigua and Barbuda
30%
No matching quizzes found
Score Distribution
Percent of People with Each Score
Percentile by Number Answered
Your Score History
You have not taken this quiz since the last reset